000 00495nam a22001817a 4500
003 OSt
005 20251117170808.0
008 251117b |||||||| |||| 00| 0 eng d
020 _a 0-440-22418-7
040 _aDWCL-Main lib.
_cOC
082 _aFic. H313s 1996
100 _aHarris, Chalaine
245 _aShakespeare's landlord/
_cChalaine Harris
260 _aN. Y. :
_b Dell Publishing,
_c c1996.
300 _a245 p. ;
_c17 cm.
650 _a1. Fiction
942 _2ddc
_cFIC.
_hFic.
_n0
999 _c5742
_d5742